01167naa a22002897a 4500001001000000003000900010005001700019007000300036008003400039040005400073041000900127072002000136090001800156100002100174245007800195500012700273773012600400650001000526650001400536650003000550650002800580490007500608942001500683909004000698999001900738952012000757BR8203892BR-BrBNA20250721143206.0ta250630b bl.|||m| |||| 00| 0 por d aBR-BrBNAbporcBiblioteca Nacional de Agricultura a(Pt) aQ10b0600b1300 aQ10 BR82038921 aPantastico, E.B.1 aManuseio e armazenamento de frutas e hortalicas [preservacao de alimento] aSeminarios do Centro de Tecnologia Agricola e Alimentar, 1981 Rio de Janeiro, RJ (Brasil): 1982. p. 22-23 (BR8203892-AMS) 0 tSeminarios do Centro de Tecnologia Agricola e Alimentar, 1981wQ10 BR8203892gRio de Janeiro, RJ (Brasil), 1982. p. 22-23 aFRUTA aHORTALICA aARMAZENAMENTO DE ALIMENTO aPRESERVACAO DE ALIMENTO aDocumentos - Centro de Tecnologia Agricola e Alimentar (Brazil)vno. 2 cAMS2AGRIS a202506bLúciac55dLúcia Elande c334247d334247 002AGRIS40708AGROBASEa41918b41918l0r2025-06-30t01yAMS10d2025-06-30ePortaria Interministerial nº 164/94